[Event "aston294"]
[Site "SchemingMind.com"]
[Date "2011.04.11"]
[Round "-"]
[White "Clive Everill"]
[Black "A.Swain"]
[Result "1-0"]
[WhiteCountry "CZE"]
[BlackCountry "ENG"]
[WhiteElo "1710"]
[WhiteRD "53"]
[BlackElo "1282"]
[BlackRD "77"]
[GameID "280645"]

1. e4 e5 2. Nc3 Qf6 3. Nf3 g5 4. Nd5 Qd6 5. Nxg5 c6 6. Nc3 Be7 7. d3 h6 8. Nf3 Bg5 9. Bxg5 hxg5 10. Nxg5 f6
11. Nf3 a5 12. Be2 Qb4 13. Rb1 b5 14. a3 Qe7 15. O-O f5 16. exf5 b4 17. axb4 axb4 18. Ne4 d5 19. Neg5 Rh5 20. Qd2 Bxf5
21. Ra1 Rxa1 22. Rxa1 d4 23. Ne4 Nd7 24. Ra8+ Kf7 25. Nfg5+ Kg7 26. Bxh5 Ngf6 27. Nxf6 Nxf6 28. Bf3 e4 29. dxe4 Nxe4 30. Nxe4 Bxe4
31. Qxd4+ Qe5 32. Qxe5+ Kg6 33. Bxe4+ Kf7 34. Re8 c5 35. Qe6+ Kg7 36. Rg8#
1-0

[Event "aston294"]
[Site "SchemingMind.com"]
[Date "2011.04.11"]
[Round "-"]
[White "A.Swain"]
[Black "Clive Everill"]
[Result "0-1"]
[WhiteCountry "ENG"]
[BlackCountry "CZE"]
[WhiteElo "1282"]
[WhiteRD "77"]
[BlackElo "1710"]
[BlackRD "53"]
[GameID "280653"]

1. e4 e6 2. Qf3 Nc6 3. Nc3 Bb4 4. Nge2 b6 5. Nb5 a6 6. Nbd4 Ne5 7. Qb3 Bc5 8. f4 Ng6 9. f5 N6e7 10. h4 Bb7
11. fxe6 dxe6 12. Nf4 Bxd4 13. Nh5 g6 14. c3 gxh5 15. cxd4 Qxd4 16. d3 O-O-O 17. Bd2 Bxe4 18. Rh3 Bd5 19. Qc3 Qxc3 20. bxc3 f6
21. c4 Bc6 22. c5 b5 23. Re3 e5 24. Bb4 Nd5 25. Re4 Nxb4 26. Rxb4 Ne7 27. a4 Nd5 28. Rb3 Ne3 29. axb5 Bxb5 30. c6 Nxf1
31. Rxb5 Rdg8 32. Rxa6 Kd8 33. Rd5+ Ke7 34. Rd7+ Ke6 35. Kxf1 Rc8 36. Ke2 h6 37. Ke3 f5 38. Ra5 Rhg8 39. d4 exd4+ 40. Rxd4 Rxg2
41. Kf3 Rc2 42. Kf4 Rf8 43. Re5+ Kf7 44. Rd7+ Kg8 45. Rxc7 Rf2+ 46. Ke3 Rh2 47. Rce7 f4+ 48. Kf3 Rxh4
0-1

[Event "aston294"]
[Site "SchemingMind.com"]
[Date "2011.04.17"]
[Round "-"]
[White "mugen9x9"]
[Black "Gammon"]
[Result "1-0"]
[WhiteCountry "JPN"]
[BlackCountry "USA"]
[WhiteElo "1765"]
[WhiteRD "107"]
[BlackElo "1373"]
[BlackRD "55"]
[GameID "280904"]

1. e4 e6 2. d4 d5 3. Nc3 Bb4 4. e5 c5 5. a3 Ba5 6. b4 cxd4 7. Nb5 Bc7 8. f4 Bd7 9. Qxd4 Bb6 10. Nd6+ Ke7
11. Qd1 Nc6 12. Nf3 Nh6 13. c4 Bc8 14. f5 Nxf5 15. Nxf5+ exf5 16. cxd5 Nb8 17. Bg5+ f6 18. d6+ Kf7 19. Bc4+ Be6 20. Bxe6+ Kg6
21. Nh4+ Kxg5 22. Rf1 g6 23. Qd2+ Kh5 24. Rxf5+ g5 25. exf6 Nd7 26. Qxg5#
1-0

[Event "aston294"]
[Site "SchemingMind.com"]
[Date "2011.04.17"]
[Round "-"]
[White "Gammon"]
[Black "mugen9x9"]
[Result "0-1"]
[WhiteCountry "USA"]
[BlackCountry "JPN"]
[WhiteElo "1373"]
[WhiteRD "55"]
[BlackElo "1765"]
[BlackRD "107"]
[GameID "280907"]

1. d4 Nf6 2. c4 e6 3. Nf3 b6 4. g3 Ba6 5. b3 Bb4+ 6. Bd2 Be7 7. Nc3 O-O 8. Rc1 d5 9. cxd5 Nxd5 10. Bg2 Ba3
11. Rb1 Qe7 12. Nxd5 exd5 13. b4 c5 14. dxc5 bxc5 15. Bg5 Qe4 16. bxc5 Bxe2 17. Nd2 Qxg2 18. Qxe2 Qxh1+ 19. Nf1 Nc6 20. Rb3 Nd4
0-1

[Event "aston294"]
[Site "SchemingMind.com"]
[Date "2011.04.17"]
[Round "-"]
[White "aston294"]
[Black "Gnagflow"]
[Result "0-1"]
[WhiteCountry "ENG"]
[BlackCountry "GER"]
[WhiteElo "1054"]
[WhiteRD "59"]
[BlackElo "1777"]
[BlackRD "96"]
[GameID "281344"]

1. d4 d5 2. Nf3 Nc6 3. Nc3 Nf6 4. Bf4 e6 5. Nb5 Bd6 6. e3 Bxf4 7. Ne5 Bxe5 8. c3 Bd6 9. Nxd6+ Qxd6 10. Bb5 O-O
11. f4 Ne7 12. Rf1 Nf5 13. a4 Nxe3 14. Qe2 Nxf1 15. Kxf1 Qxf4+
0-1

[Event "aston294"]
[Site "SchemingMind.com"]
[Date "2011.04.17"]
[Round "-"]
[White "Gnagflow"]
[Black "aston294"]
[Result "1-0"]
[WhiteCountry "GER"]
[BlackCountry "ENG"]
[WhiteElo "1773"]
[WhiteRD "91"]
[BlackElo "1053"]
[BlackRD "60"]
[GameID "281346"]

1. e4 e5 2. Nf3 Nc6 3. Bb5 a6 4. Ba4 b5 5. Bb3 Nd4 6. Nxe5 f6 7. Bf7+ Ke7 8. Bd5 fxe5 9. d3 Nf6 10. Bxa8 Ke8
11. Bd5 Nxd5 12. Qh5+ g6 13. Qxe5+ Ne6 14. Qxh8
1-0

[Event "aston294"]
[Site "SchemingMind.com"]
[Date "2011.04.18"]
[Round "-"]
[White "Gorake"]
[Black "spoke"]
[Result "0-1"]
[WhiteCountry "SWE"]
[BlackCountry "GER"]
[WhiteElo "1299"]
[WhiteRD "178"]
[BlackElo "1756"]
[BlackRD "66"]
[GameID "281458"]

1. f4 d5 2. Nf3 g6 3. e3 Bg7 4. Be2 c5 5. b3 Bxa1 6. c3 d4 7. exd4 cxd4 8. Nxd4 Nf6 9. Nc2 Bxc3 10. dxc3 Qxd1+
11. Bxd1 Bf5 12. O-O Nc6 13. Nd2 O-O-O 14. Re1 Rd3 15. c4 Rhd8 16. Re2 Bg4 17. Re1 Bxd1 18. Rxd1 Ne4 19. Ne1 Rxd2 20. Bxd2 Nxd2
21. Rc1 Nd4 22. Kf2 Ne4+ 23. Ke3 f5 24. Nf3 Nc6 25. h3 h6 26. g4 Nb4 27. a3 Na6 28. Ne5 Nac5 29. Nxg6 Rd3+ 30. Ke2 Ng3+
31. Ke1 Nxb3 32. Rb1 Nd2 33. Nxe7+ Kc7 34. gxf5 Nxb1 35. f6 Kd7 36. Nd5 Rxd5 37. cxd5 Ne4 38. f7 Ke7 39. Ke2 Kxf7 40. Ke3 Nc5
41. Kd4 b6 42. Ke5 Nxa3 43. d6 Nd7+ 44. Kd5 b5 45. f5 b4 46. Kd4 b3 47. Kc3 Nc5 48. d7 Ke7 49. Kb4 b2 50. Kxc5 b1=Q
51. Kc6 Qb6+ 52. Kd5 Qd6+ 53. Ke4 Kf6 54. h4 Qxd7 55. Kf4 Qd3 56. h5 Nc4 57. Kg4 Qe3 58. Kh4 Qg5+ 59. Kh3 Ne3 60. Kh2 Qg2#
0-1

[Event "aston294"]
[Site "SchemingMind.com"]
[Date "2011.04.18"]
[Round "-"]
[White "spoke"]
[Black "Gorake"]
[Result "1-0"]
[WhiteCountry "GER"]
[BlackCountry "SWE"]
[WhiteElo "1756"]
[WhiteRD "66"]
[BlackElo "1299"]
[BlackRD "178"]
[GameID "281460"]

1. e4 c5 2. Nf3 Nc6 3. d4 cxd4 4. Nxd4 Nf6 5. Nc3 d5 6. exd5 Nxd5 7. Nxc6 bxc6 8. Nxd5 cxd5 9. Bb5+ Bd7 10. Qxd5 Qa5+
11. Bd2 Qxb5 12. Qxa8+ Bc8 13. Qxc8#
1-0

[Event "aston294"]
[Site "SchemingMind.com"]
[Date "2011.04.23"]
[Round "-"]
[White "kenneth m day"]
[Black "NAZRIZ1977"]
[Result "1-0"]
[WhiteCountry "USA"]
[BlackCountry "WLS"]
[WhiteElo "1977"]
[WhiteRD "79"]
[BlackElo "1539"]
[BlackRD "63"]
[GameID "281958"]

1. d4 Nf6 2. Nf3 g6 3. Bf4 Bg7 4. c3 O-O 5. e3 d6 6. Bd3 Nbd7 7. Qe2 Re8 8. Nbd2 b6 9. e4 e5 10. dxe5 dxe5
11. Bg5 Bb7 12. O-O-O
1-0

[Event "aston294"]
[Site "SchemingMind.com"]
[Date "2011.04.29"]
[Round "-"]
[White "zogger"]
[Black "Cesar Fuertes"]
[Result "1/2-1/2"]
[WhiteCountry "GER"]
[BlackCountry "ARG"]
[WhiteElo "2191"]
[WhiteRD "67"]
[BlackElo "1914"]
[BlackRD "141"]
[GameID "282081"]

1. f4 d5 2. Nf3 Nf6 3. g3 c5 4. Bg2 Nc6 5. O-O e6 6. d3 Be7 7. c3 O-O 8. Qe1 b5 9. e4 dxe4 10. dxe4 Bb7
11. e5 Nd5 12. Nbd2 Qb6 13. Ne4 c4+ 14. Qf2 Rfd8 15. a3 Rd7 16. Bd2 Rad8 17. Nd4 Nxd4 18. cxd4 a5 19. g4 b4 20. Rab1 Nc7
21. Be3 Bxe4 22. Bxe4 Nd5 23. Bxd5 Rxd5 24. f5 Rxd4 25. Bxd4 Rxd4 26. Kh1 Qb7+ 27. Qf3 Qxf3+ 28. Rxf3 Rxg4 29. axb4 axb4 30. Rg3 Rxg3
31. hxg3 Bg5 32. Ra1=
1/2-1/2

[Event "aston294"]
[Site "SchemingMind.com"]
[Date "2011.04.29"]
[Round "-"]
[White "Cesar Fuertes"]
[Black "zogger"]
[Result "0-1"]
[WhiteCountry "ARG"]
[BlackCountry "GER"]
[WhiteElo "1914"]
[WhiteRD "141"]
[BlackElo "2191"]
[BlackRD "67"]
[GameID "282087"]

1. d4 c6 2. c4 d5 3. Nf3 Nf6 4. Nc3 dxc4 5. a4 Bf5 6. e3 e6 7. Bxc4 Bb4 8. O-O O-O 9. Qb3 Qe7 10. Bd2 c5
11. Rac1 Nc6 12. Rfd1 Rfd8 13. Ne2 Na5 14. Qa2 Bxd2 15. Rxd2 Be4 16. Ne5 cxd4 17. Rxd4 Rxd4 18. exd4 Rc8 19. b3 Nd7 20. Qd2 Nxe5
21. dxe5 Nxc4 22. Rxc4 Rxc4 23. bxc4 h6 24. h3 Qa3 25. Nc3 Bc6 26. Qd8+ Kh7 27. Qd3+ g6 28. Qd4 Qa1+ 29. Kh2 Kg7 30. Qd3 a5
31. c5 Bxa4 32. Qf3 Kg8 33. Qd3 Be8 34. Qd2 Kg7 35. f4 Qf1 36. Ne4 Bc6
0-1

[Event "aston294"]
[Site "SchemingMind.com"]
[Date "2011.04.26"]
[Round "-"]
[White "sidra"]
[Black "jarek55"]
[Result "0-1"]
[WhiteCountry "HUN"]
[BlackCountry "POL"]
[WhiteElo "1697"]
[WhiteRD "87"]
[BlackElo "2248"]
[BlackRD "178"]
[GameID "282235"]

1. d4 Nf6 2. c4 e6 3. a3 d5 4. c5 b6 5. b4 a5 6. bxa5 bxc5 7. e3 cxd4 8. exd4 c5 9. dxc5 Bxc5 10. Bb5+ Nbd7
11. Bxd7+ Bxd7 12. Bd2 Ne4 13. Nh3 Qf6 14. Bc3 Bxf2+ 15. Ke2 Bb5+ 16. Qd3 Bxd3+ 17. Kxd3 d4 18. Bb4 Qf5 19. Ke2 Rc8 20. Nd2 Qh5+
21. Kd3 Qb5+ 22. Kxe4 Qf5#
0-1

[Event "aston294"]
[Site "SchemingMind.com"]
[Date "2011.04.26"]
[Round "-"]
[White "jarek55"]
[Black "sidra"]
[Result "1-0"]
[WhiteCountry "POL"]
[BlackCountry "HUN"]
[WhiteElo "2248"]
[WhiteRD "178"]
[BlackElo "1697"]
[BlackRD "87"]
[GameID "282240"]

1. e4 e5 2. Nf3 d6 3. d4 exd4 4. Nxd4 a6 5. Nc3 c5 6. Nf3 h6 7. Bc4 Nf6 8. e5 dxe5 9. Bxf7+ Ke7 10. Qxd8+ Kxd8
11. Nxe5 Bf5 12. Bf4 Nc6 13. O-O-O+ Kc8 14. Ng6 Bxg6 15. Be6+ Nd7 16. Rxd7 Nd8 17. Nd5 Nxe6 18. Nb6#
1-0

[Event "aston294"]
[Site "SchemingMind.com"]
[Date "2011.05.01"]
[Round "-"]
[White "Quaff"]
[Black "Wojciech  Langer"]
[Result "1/2-1/2"]
[WhiteCountry "ENG"]
[BlackCountry "INT"]
[WhiteElo "1680"]
[WhiteRD "82"]
[BlackElo "1644"]
[BlackRD "98"]
[GameID "282824"]

1. e4 c6 2. f4 d5 3. e5 f6 4. d4 c5 5. c3 e6 6. Qh5+ g6 7. Qd1 Nc6 8. Nf3 Bd7 9. Be2 Nh6 10. Nbd2 Nf5
11. Nb3 c4 12. g4 Ng7 13. Nbd2 Be7 14. Nf1 Qc7 15. Bd2 a6 16. Ng3 b5 17. a3 a5 18. h4 f5 19. g5 a4 20. h5 Nxh5
21. Nxh5 gxh5 22. Rxh5 O-O-O 23. Qc2 Rdg8 24. O-O-O Be8 25. Rhh1 Bf8 26. Rh3 h5 27. Nh4 Bg6 28. Nxg6 Rxg6 29. Bxh5 Rgg8 30. Rdh1 Rh7
31. Qd1 Ne7 32. Qf1 Rhg7 33. Be8 Qb6 34. Rh8 Kd8 35. Rxg8 Nxg8 36. Bh5 Rh7 37. Bf3 Qc7 38. Rh3 Rxh3 39. Qxh3 Qg7 40. Qh5 Ne7
41. Be1 Ng6 42. Bg3 Ke7 43. Kd2 Qf7 44. Ke3 Qg7 45. Qh2 Kf7 46. Bh5 Ke7 47. Bxg6 Qxg6 48. Qh8 Kf7 49. Kf3 Ke7 50. Kg2 Kf7
51. Kh3 Ke7 52. Kh4 Kf7 53. Qh5 Kg7 54. Bf2=
1/2-1/2

[Event "aston294"]
[Site "SchemingMind.com"]
[Date "2011.05.01"]
[Round "-"]
[White "Wojciech  Langer"]
[Black "Quaff"]
[Result "1/2-1/2"]
[WhiteCountry "INT"]
[BlackCountry "ENG"]
[WhiteElo "1642"]
[WhiteRD "99"]
[BlackElo "1681"]
[BlackRD "83"]
[GameID "282826"]

1. c4 e5 2. Nc3 Nf6 3. Nf3 d6 4. d4 exd4 5. Nxd4 Be7 6. Qc2 Bd7 7. Bf4 Nc6 8. e3 Nxd4 9. exd4 h6 10. Bd3 c6
11. h3 Nh5 12. Be3 Bg5 13. Ne4 Bxe3 14. fxe3 Nf6 15. Nxd6+ Ke7 16. Ne4 Nxe4 17. Bxe4 Re8 18. O-O-O Kf8 19. Rhf1 Qg5 20. Qf2 f6
21. Qf4 Qxf4 22. Rxf4 Kf7 23. Kd2 g5 24. Bxc6 Bxc6 25. Rf2 Kg6 26. Rdf1 Rf8 27. d5 Rad8 28. e4 Bd7 29. g4 Rde8 30. Ke3 Kg7
31. b3 b6 32. Kd4 Bc8 33. Ke3 Bb7 34. Kd4 Ba8 35. Ke3 Bb7=
1/2-1/2

[Event "aston294"]
[Site "SchemingMind.com"]
[Date "2011.05.02"]
[Round "-"]
[White "mmccaffe"]
[Black "DI DARIO"]
[Result "1-0"]
[WhiteCountry "USA"]
[BlackCountry "INT"]
[WhiteElo "1823"]
[WhiteRD "57"]
[BlackElo "1517"]
[BlackRD "52"]
[GameID "282924"]

1. e4 e5 2. Nf3 Nf6 3. Nxe5 d6 4. Nf3 Nxe4 5. d4 d5 6. Bd3 Bd6 7. O-O O-O 8. c4 Bg4 9. h3 Be6 10. Nc3 Nxc3
11. bxc3 dxc4 12. Be2 Bd5 13. Qa4 Qe8 14. Qc2 Be4 15. Qb2 Bd5 16. Re1 Qa4 17. Bd1 Qa5 18. Ne5 f6 19. Nf3 Nd7 20. Be2 Rae8
21. Bd2 Be4 22. Bxc4+ Kh8 23. Be2 c5 24. Be3
1-0

[Event "aston294"]
[Site "SchemingMind.com"]
[Date "2011.05.02"]
[Round "-"]
[White "concave"]
[Black "SittingBull"]
[Result "1-0"]
[WhiteCountry "GER"]
[BlackCountry "CAN"]
[WhiteElo "2053"]
[WhiteRD "113"]
[BlackElo "1908"]
[BlackRD "64"]
[GameID "282925"]

1. c4 g6 2. d4 Bg7 3. e4 d6 4. f4 Nh6 5. Nf3 O-O 6. Be2 Bg4 7. O-O Nd7 8. Nc3 c5 9. Be3 f5 10. Ng5 Bxe2
11. Qxe2 Rf6 12. Nd5 Nf7 13. Nxf6+ Bxf6 14. Nxf7 Kxf7 15. e5
1-0

[Event "aston294"]
[Site "SchemingMind.com"]
[Date "2011.05.02"]
[Round "-"]
[White "DI DARIO"]
[Black "mmccaffe"]
[Result "0-1"]
[WhiteCountry "INT"]
[BlackCountry "USA"]
[WhiteElo "1517"]
[WhiteRD "52"]
[BlackElo "1823"]
[BlackRD "57"]
[GameID "282931"]

1. Nf3 Nf6 2. g3 g6 3. b3 Bg7 4. Bb2 O-O 5. Nc3 d6 6. e4 Nbd7 7. d4 c5 8. d5 a6 9. Ne2 b5 10. Qd3 Qc7
11. Nf4 Bb7 12. Nd2 Rac8 13. c4 b4 14. Bh3 Ra8 15. Nf3 Bc8 16. O-O Nb6 17. Rab1 Bxh3 18. Nxh3 a5 19. Nf4 Ra7 20. e5 Ne8
21. e6 f5 22. Ng5 Bxb2 23. Rxb2 Nf6 24. f3 a4 25. Nf7 axb3 26. axb3 Ra3 27. g4 fxg4
0-1

[Event "aston294"]
[Site "SchemingMind.com"]
[Date "2011.05.02"]
[Round "-"]
[White "SittingBull"]
[Black "concave"]
[Result "0-1"]
[WhiteCountry "CAN"]
[BlackCountry "GER"]
[WhiteElo "1918"]
[WhiteRD "64"]
[BlackElo "2100"]
[BlackRD "93"]
[GameID "282932"]

1. e4 c5 2. Nf3 d6 3. d4 cxd4 4. Nxd4 Nf6 5. Nc3 a6 6. Bg5 e6 7. f4 Be7 8. Qf3 Qc7 9. O-O-O Nc6 10. g4 Nxd4
11. Rxd4 b5 12. Bg2 Bb7 13. Qe2 O-O 14. h4 h6 15. Bxf6 Bxf6 16. Rd3 b4 17. Nd1 Rfc8 18. g5 Be7 19. gxh6 gxh6 20. Rg3+ Kh8
21. Ne3 Rg8 22. Rxg8+ Rxg8 23. Qh5 Bf8 24. Ng4 f5 25. Ne3 Bxe4 26. Bxe4 fxe4 27. f5 d5 28. fxe6 Qf4
0-1

[Event "aston294"]
[Site "SchemingMind.com"]
[Date "2011.05.03"]
[Round "-"]
[White "cnile"]
[Black "krtsip"]
[Result "1-0"]
[WhiteCountry "SCO"]
[BlackCountry "POL"]
[WhiteElo "1442"]
[WhiteRD "58"]
[BlackElo "1917"]
[BlackRD "86"]
[GameID "283130"]

1. e4 e6 2. d4 d5 3. e5 c5 4. Nf3 Nc6 5. c3 Qb6 6. a3 c4 7. Nbd2 Bd7 8. Be2 Na5 9. O-O Ne7 10. Ne1 O-O-O
11. Nef3 f6 12. Rb1
1-0

[Event "aston294"]
[Site "SchemingMind.com"]
[Date "2011.05.03"]
[Round "-"]
[White "krtsip"]
[Black "cnile"]
[Result "0-1"]
[WhiteCountry "POL"]
[BlackCountry "SCO"]
[WhiteElo "1917"]
[WhiteRD "86"]
[BlackElo "1442"]
[BlackRD "58"]
[GameID "283141"]

1. Nf3 c5 2. g3 g6 3. c4 Bg7 4. Bg2 Nf6 5. O-O O-O 6. Nc3 Nc6 7. d4 cxd4 8. Nxd4 Re8 9. h3 d5 10. cxd5 Nb4
11. e4 Bd7
0-1

[Event "aston294"]
[Site "SchemingMind.com"]
[Date "2011.05.16"]
[Round "-"]
[White "emvarela"]
[Black "John Hamer"]
[Result "1/2-1/2"]
[WhiteCountry "ARG"]
[BlackCountry "ENG"]
[WhiteElo "1827"]
[WhiteRD "52"]
[BlackElo "2016"]
[BlackRD "63"]
[GameID "283814"]

1. e4 c6 2. d4 d5 3. Nc3 dxe4 4. Nxe4 Bf5 5. Ng3 Bg6 6. h4 h6 7. h5 Bh7 8. Nf3 Nd7 9. Bd3 Bxd3 10. Qxd3 Ngf6
11. Bf4 Qa5+ 12. c3 e6 13. Nd2 Nd5 14. Ne2 Nxf4 15. Nxf4 O-O-O 16. Nb3 Qg5 17. g3 e5 18. dxe5 Nxe5 19. Qe2 Ng4 20. O-O Bd6
21. Nh3 Qxh5 22. Kg2 Qd5+ 23. Kg1 Nf6 24. Rad1 Qf5 25. Kh2 Rhe8=
1/2-1/2

[Event "aston294"]
[Site "SchemingMind.com"]
[Date "2011.05.16"]
[Round "-"]
[White "John Hamer"]
[Black "emvarela"]
[Result "1/2-1/2"]
[WhiteCountry "ENG"]
[BlackCountry "ARG"]
[WhiteElo "2016"]
[WhiteRD "63"]
[BlackElo "1827"]
[BlackRD "52"]
[GameID "283828"]

1. e4 e5 2. Nf3 Nc6 3. Bc4 Bc5 4. d4 Bxd4 5. Nxd4 exd4 6. O-O Qf6 7. Na3 a6 8. f4 d6 9. e5 Qf5 10. exd6 cxd6
11. Bd3 Qc5 12. Re1+ Nge7 13. Nc4 Be6 14. Nd2 Nb4 15. Ne4 Qb6 16. Ng5 Nxd3 17. Qxd3 Kd7 18. b3 h6 19. Nf3 Nf5 20. Bb2=
1/2-1/2

[Event "aston294"]
[Site "SchemingMind.com"]
[Date "2011.05.13"]
[Round "-"]
[White "kenneth m day"]
[Black "chi-sao"]
[Result "1-0"]
[WhiteCountry "USA"]
[BlackCountry "ENG"]
[WhiteElo "1904"]
[WhiteRD "73"]
[BlackElo "1444"]
[BlackRD "100"]
[GameID "283923"]

1. d4 Nf6 2. Bf4 g6 3. Nf3 d6 4. h3 Bg7 5. e3 O-O 6. Bd3 Nc6 7. c3 e6 8. Nbd2 h6 9. g4 a6 10. Qe2 b5
11. g5 e5 12. dxe5 Nh5 13. O-O-O Nxf4 14. exf4 d5 15. Nb3 Qe7 16. h4 h5 17. Bc2 Rd8 18. Nbd4 Bb7 19. Nxc6 Bxc6 20. Nd4 Bb7
21. f5 Qxe5 22. Qxe5 Bxe5 23. fxg6 fxg6 24. Bxg6 c5 25. Nf5 d4 26. Rhe1 Bf4+ 27. Kb1 Bf3 28. Rd3 Bg4 29. Re4 Bc7 30. Nh6+ Kg7
31. Nxg4 Kxg6 32. Nh6 Rd6 33. cxd4 cxd4 34. Rexd4 Rxd4 35. Rxd4 Rd8 36. Rxd8 Bxd8 37. f4 Kg7 38. f5 a5 39. Kc2 Kh7 40. Kd3 Bb6
41. f6
1-0

[Event "aston294"]
[Site "SchemingMind.com"]
[Date "2011.05.13"]
[Round "-"]
[White "chi-sao"]
[Black "kenneth m day"]
[Result "0-1"]
[WhiteCountry "ENG"]
[BlackCountry "USA"]
[WhiteElo "1487"]
[WhiteRD "105"]
[BlackElo "1952"]
[BlackRD "77"]
[GameID "283926"]

1. e4 d5 2. exd5 Qxd5 3. Nc3 Qd6 4. Nf3 Nf6 5. Bc4 a6 6. O-O Bg4 7. Qe1 Bxf3 8. gxf3 Nc6 9. Qe3 e6 10. Ne4 Qe5
11. Nxf6+ Qxf6 12. Re1 O-O-O 13. c3 Bd6 14. d4 Qh4 15. Qg5 Qxh2+ 16. Kf1 Rhg8 17. Qg2 Qh5 18. b4 Ne7 19. Qg4 Qh1+ 20. Ke2 Qh2
21. Be3 Nf5 22. Rh1 Ng3+ 23. Qxg3 Bxg3 24. Rxh2 Bxh2 25. Rh1 Bd6 26. Rxh7 Be7 27. Rh3 Rh8 28. Rg3 Bf6 29. Bg5 Bxg5 30. Rxg5 g6
31. Rg1 Rh3 32. a4 Rdh8 33. Rg5 Rh1 34. d5 exd5 35. Rxd5 Re8+ 36. Kd2 Rh2 37. Rd3 Rxf2+ 38. Kd1 f6 39. Bf7 Rh8 40. Ke1 Rb2
0-1

[Event "aston294"]
[Site "SchemingMind.com"]
[Date "2011.05.15"]
[Round "-"]
[White "jarek55"]
[Black "jtrochez1"]
[Result "1-0"]
[WhiteCountry "POL"]
[BlackCountry "HON"]
[WhiteElo "2248"]
[WhiteRD "178"]
[BlackElo "1616"]
[BlackRD "50"]
[GameID "284018"]

1. e4 e5 2. Nf3 Nc6 3. Bb5 d6 4. O-O Bd7 5. d4 exd4 6. Bxc6 Bxc6 7. Nxd4 Qd7 8. Nc3 Be7 9. Be3 a6 10. Re1 O-O-O
11. Qd3 g6 12. a4 h5 13. Nxc6 Qxc6 14. Nd5 Qd7 15. Qc3 Qg4 16. Qxc7#
1-0

[Event "aston294"]
[Site "SchemingMind.com"]
[Date "2011.05.14"]
[Round "-"]
[White "jtrochez1"]
[Black "jarek55"]
[Result "0-1"]
[WhiteCountry "HON"]
[BlackCountry "POL"]
[WhiteElo "1616"]
[WhiteRD "52"]
[BlackElo "2287"]
[BlackRD "165"]
[GameID "284022"]

1. e4 e6 2. d4 d5 3. e5 c5 4. c3 Qb6 5. Qb3 Qxb3 6. axb3 cxd4 7. cxd4 Be7 8. Nf3 Nc6 9. Bb5 Bd7 10. O-O Nxe5
11. Nxe5 Bxb5 12. Rd1 Ba6 13. Nc6 Bd6 14. Ne5 Ne7 15. Nc3 Nf5 16. Be3 Rc8 17. g3 f6 18. Nf3 Rc6 19. Na4 Be2 20. Rdc1 Bxf3
21. Nc5 b6 22. Nxe6 Rxc1+ 23. Rxc1 Kd7 24. Nf4 Re8 25. Ng2 Bxg2 26. Kxg2 Nxe3+ 27. fxe3 Rxe3 28. Rc3 Re2+ 29. Kh3 h5 30. Rf3 g5
31. Rf5 g4+
0-1

[Event "aston294"]
[Site "SchemingMind.com"]
[Date "2011.05.20"]
[Round "-"]
[White "cnile"]
[Black "docjan"]
[Result "0-1"]
[WhiteCountry "SCO"]
[BlackCountry "SWE"]
[WhiteElo "1442"]
[WhiteRD "58"]
[BlackElo "2054"]
[BlackRD "86"]
[GameID "284607"]

1. e4 e5 2. Nf3 Nc6 3. d4 exd4 4. Nxd4 Bc5 5. Nxc6 Qf6 6. Qe2 dxc6 7. e5 Qf5 8. g3 Bxf2+ 9. Qxf2 Qe4+ 10. Qe2 Qxh1
11. Bg5 h6 12. Bh4 Bh3 13. Nd2 Bxf1 14. O-O-O Bxe2 15. Rxh1 g5 16. Bxg5 hxg5
0-1

[Event "aston294"]
[Site "SchemingMind.com"]
[Date "2011.05.20"]
[Round "-"]
[White "docjan"]
[Black "cnile"]
[Result "1-0"]
[WhiteCountry "SWE"]
[BlackCountry "SCO"]
[WhiteElo "2184"]
[WhiteRD "71"]
[BlackElo "1450"]
[BlackRD "57"]
[GameID "284614"]

1. e4 e6 2. d4 d5 3. Nd2 Nf6 4. e5 Nfd7 5. Bd3 c5 6. c3 Nc6 7. Ne2 f6 8. exf6 Nxf6 9. O-O cxd4 10. Nxd4 Nxd4
11. cxd4 Bd7 12. Qe2 Bd6 13. Nf3 O-O 14. Ne5 a6 15. Bd2 Rc8 16. Rac1 b5 17. a3 Qe7 18. Bg5 Qd8 19. h3 Be8 20. Rxc8 Qxc8
21. Rc1 Qb7 22. Bxf6 Rxf6 23. Ng4 Rf8 24. Qxe6+ Kh8 25. Qxd6 Qf7 26. Rc7 Qh5 27. Qxf8#
1-0

[Event "aston294"]
[Site "SchemingMind.com"]
[Date "2011.06.02"]
[Round "-"]
[White "Clive Everill"]
[Black "concave"]
[Result "0-1"]
[WhiteCountry "CZE"]
[BlackCountry "GER"]
[WhiteElo "1747"]
[WhiteRD "51"]
[BlackElo "2100"]
[BlackRD "93"]
[GameID "285589"]

1. e4 c5 2. Nf3 d6 3. d4 cxd4 4. Nxd4 Nf6 5. f3 Nc6 6. c4 Qb6 7. Nc2 g6 8. Nc3 Bg7 9. Rb1 O-O 10. Be3 Qa5
11. Bd2 Be6 12. Bd3 Ne5 13. b4 Nxd3+ 14. Ke2 Qc7 15. Na3 Bxc4 16. Nxc4 Qxc4 17. Qb3 Nc1+
0-1

[Event "aston294"]
[Site "SchemingMind.com"]
[Date "2011.06.03"]
[Round "-"]
[White "Gnagflow"]
[Black "mmccaffe"]
[Result "0-1"]
[WhiteCountry "GER"]
[BlackCountry "USA"]
[WhiteElo "1870"]
[WhiteRD "87"]
[BlackElo "1823"]
[BlackRD "57"]
[GameID "285590"]

1. e4 c5 2. Nf3 d6 3. d4 cxd4 4. Nxd4 Nf6 5. Bd3 a6 6. O-O e5 7. Nf3 Be7 8. Nc3 O-O 9. Nd5 Nxd5 10. exd5 f5
11. Bc4 b5 12. Bb3 Nd7 13. a4 b4 14. a5 Nc5 15. Bc4 e4 16. Nd4 Bg5 17. Qh5 Bxc1 18. Raxc1 Rf6 19. Nc6 Qf8 20. Nxb4 Rh6
21. Qd1 f4 22. f3 e3 23. g4 Qf6 24. c3 Qh4 25. Rc2 Bd7 26. Rg2 Rg6 27. Qe2 h5 28. gxh5 Rxg2+ 29. Kxg2 Bh3+ 30. Kh1 Bxf1
31. Qxf1 Qxh5 32. Nxa6 Nxa6 33. Bxa6 Rxa6 34. Qxa6 Qxf3+ 35. Kg1 e2 36. Qc8+ Kh7 37. Qf5+ Kh6
0-1

[Event "aston294"]
[Site "SchemingMind.com"]
[Date "2011.06.02"]
[Round "-"]
[White "concave"]
[Black "Clive Everill"]
[Result "1-0"]
[WhiteCountry "GER"]
[BlackCountry "CZE"]
[WhiteElo "2100"]
[WhiteRD "93"]
[BlackElo "1747"]
[BlackRD "51"]
[GameID "285598"]

1. c4 Nf6 2. g3 e5 3. Bg2 h6 4. Nc3 Bb4 5. Qb3 Bxc3 6. bxc3 c6 7. d4 d6 8. Nf3 Nbd7 9. Ba3 Qc7 10. O-O b6
11. Bxd6 Qxd6 12. dxe5 Nxe5 13. Nxe5 Bb7 14. Nf3 O-O 15. Rfd1 Qc7 16. Nd4 Rfd8 17. Qa4 c5 18. Nb5 Rxd1+ 19. Rxd1 Qb8 20. Bxb7 Qxb7
21. f3 a6 22. Nd6 Qe7 23. Kf2 Nd7 24. Nf5 Qe5 25. Qxd7 Qxc3 26. Ne7+ Kh7 27. Qd3+ Qxd3 28. Rxd3 b5 29. Rd5 bxc4 30. Rxc5 Rb8
31. Rxc4 Rb2 32. Ra4 Rb6 33. Nd5 Rd6 34. Nc7 Rd1 35. Rxa6 Rh1 36. a4 Rxh2+ 37. Ke3 Rh5 38. a5 Re5+ 39. Kf2 f5 40. Ra7 Kg6
41. a6 Kh5 42. Rb7 g5 43. a7
1-0

[Event "aston294"]
[Site "SchemingMind.com"]
[Date "2011.06.03"]
[Round "-"]
[White "mmccaffe"]
[Black "Gnagflow"]
[Result "0-1"]
[WhiteCountry "USA"]
[BlackCountry "GER"]
[WhiteElo "1823"]
[WhiteRD "57"]
[BlackElo "1870"]
[BlackRD "87"]
[GameID "285599"]

1. Nf3 d5 2. g3 Nc6 3. Bg2 e5 4. d3 Be6 5. O-O Bd6 6. Nbd2 Nf6 7. b3 O-O 8. Bb2 d4 9. Ng5 Bd5 10. Nge4 Be7
11. f4 Ng4 12. Qc1 Ne3 13. Rf2 f5 14. fxe5 Nxg2 15. Kxg2 fxe4 16. Rxf8+ Qxf8 17. dxe4 Be6 18. Nf3 Rd8 19. Qf4 Qxf4 20. gxf4 a5
21. a3 Bc5 22. Rd1 g6 23. h4 h6 24. h5 g5 25. fxg5 hxg5 26. Nxg5 Bg4 27. h6 Nxe5 28. h7+ Kh8 29. e3 Bxd1 30. exd4 Be7
0-1